Mod-3, Lec-9. Gas Metal Arc Welding

Saved in:
書目詳細資料
其他作者: Canal nptelhrd / YouTube
格式: 圖書
語言:英语
主題:
在線閱讀:Mod-3, Lec-9. Gas Metal Arc Welding
標簽: 添加標簽
沒有標簽, 成為第一個標記此記錄!

MARC

LEADER 00000nam a22000004a 4500
001 vpro10101
005 20201223000000.0
008 160621s2016 ck # g## #001 0#eng#d
020
022
040 |a CO-BoINGC 
041 0 |a eng 
245 1 0 |a Mod-3, Lec-9. Gas Metal Arc Welding 
246 |a Md̤ulo 03, leccin̤ 10. Soldadura por arco de metal y gas 
264 |a Bogot ̀(Colombia) :  |b Revista VirtualPRO,  |c 2016 
520 3
650 \ \ |a Soldadura 
650 \ \ |a Welding 
650 \ \ |a soldadura; soldadura de arco elčtrico 
650 \ \ |a welding; electric arc welding  
700 \ \ |a Canal nptelhrd / YouTube 
856 |z Mod-3, Lec-9. Gas Metal Arc Welding  |u https://virtualpro.unach.elogim.com/biblioteca/modulo-03-leccion-10-soldadura-por-arco-de-metal-y-gas